000 00343 a2200145 4500
001 181731
020 _a
040 _cMagnum
100 _aRocha, Denise Michaloskey da
240 1 0 _aProduzindo leitura e escrita - 1
_lpor
245 1 0 _aProduzindo leitura e escrita - 1
362 0 _a1899
697 _aMAGNITO: PARADIDATICO
942 _cBK
999 _c181731
_d181731